[Event "Adelquis Remon"]
[Site "Adelquis Remon"]
[Date "1997.??.??"]
[Round "?"]
[White "Paneque, Pedro"]
[Black "Bruzon, Lazaro"]
[Result "1-0"]
[WhiteElo "2345"]
[BlackElo "2345"]

1.c4 Nf6 2.g3 c6 3.Nf3 d5 4.b3 Bf5 5.Bg2 e6 6.O-O Be7 7.Bb2 Nbd7 8.d3 h6
9.Nbd2 O-O 10.a3 a5 11.Rc1 Qb8 12.Rc2 e5 13.cxd5 cxd5 14.e4 dxe4 15.dxe4 Bh7
16.Qe2 Bd6 17.Nh4 Rc8 18.Rxc8+ Qxc8 19.Nc4 Bc7 20.Rc1 Qe8 21.Nf5 Qe6 22.Bh3 Qa6
23.Nxh6+ Kf8 24.Bxd7 Nxd7 25.Nf5 a4 26.Qd2 Nf6 27.Qb4+ Kg8 28.Ne7+ Kh8 29.Nd5 Nxd5
30.exd5 f6 31.Qe7 Bd8 32.Qe8+ Bg8 33.b4 b5 34.Ne3 Bb6 35.Qh5+ Bh7 36.Qf7 Rd8
37.Rd1 Qa8 38.Ng4 Be4 39.Nxf6 gxf6 40.Qxf6+ Kh7 41.Qxb6 Bxd5 42.Qc7+ Kg6
43.Qxe5  1-0

[Event "Adelquis Remon"]
[Site "Adelquis Remon"]
[Date "1997.??.??"]
[Round "?"]
[White "Pineda, Boris"]
[Black "Bruzon, Lazaro"]
[Result "0-1"]
[WhiteElo "2295"]
[BlackElo "2345"]

1.c4 e5 2.Nc3 Nf6 3.Nf3 Nc6 4.g3 Bc5 5.d3 d6 6.Bg2 h6 7.O-O O-O 8.Na4 Be6
9.Nd2 Qd7 10.Rb1 Bh3 11.Ne4 Nxe4 12.dxe4 a5 13.b3 Rad8 14.a3 Kh8 15.Nc3 Ne7
16.b4 Bxg2 17.Kxg2 axb4 18.axb4 Bd4 19.Nb5 Bb6 20.Qd3 Qe6 21.Nc3 c6 22.b5 Bd4
23.bxc6 bxc6 24.Ba3 Ra8 25.Rb3 Rfb8 26.Rfb1 Rxb3 27.Rxb3 Bxc3 28.Rxc3 c5
29.Rb3 Ra6 30.Bc1 Kh7 31.Be3 Nc8 32.f4 Nb6 33.fxe5 Nxc4 34.Bf2 Rc6 35.Qd5 Nxe5
36.Qd1 Ra6 37.Qb1 Qc4 38.Rb2 Ra4 39.Kg1 Rb4 40.Rxb4 cxb4 41.Qd1 b3  0-1

[Event "Adelquis Remon"]
[Site "Adelquis Remon"]
[Date "1997.??.??"]
[Round "?"]
[White "Alvarez, Jose"]
[Black "Bruzon, Lazaro"]
[Result "1/2-1/2"]
[WhiteElo "2390"]
[BlackElo "2345"]

1.d4 Nf6 2.Nf3 c5 3.d5 d6 4.c4 b5 5.cxb5 a6 6.b6 Nbd7 7.Nc3 Nxb6 8.e4 g6
9.a4 Bg4 10.Be2 Bg7 11.a5 Nbd7 12.O-O O-O 13.h3 Bxf3 14.Bxf3 Ne8 15.Be2 Nc7
16.f4 Rb8 17.Bc4 Rb4 18.Qd3 Qb8 19.Na4 Qa7 20.Ra2 Bd4+ 21.Kh1 Rbb8 22.Bd2 Kh8
23.Bc3 Nb5 24.Raa1 f6 25.h4 Qc7 26.g3 Rg8 27.Ra2 Rg7 28.b3 Bxc3 29.Nxc3 Nd4
30.Ne2 Nb5 31.Ng1 Qc8 32.Nf3 Qc7 33.Qe3 Rf8 34.g4 Rgf7 35.Rff2 Qc8 36.Rh2 Rg7
37.Rag2 Qd8 38.Ra2 Qa8 39.Rh3 Nc7 40.Rg2 Qb7 41.h5 g5 42.h6 Rg6 43.fxg5 fxg5
44.Nxg5 Ne5 45.Nf3 Nxg4 46.Qc3+ Nf6 47.Rxg6 hxg6 48.Rg3 Rg8 49.Ng5 Rf8 50.Nf3 Rg8
51.Ng5 Rf8 52.Nf3 Rg8 53.Ng5  1/2-1/2

[Event "Adelquis Remon"]
[Site "Adelquis Remon"]
[Date "1997.??.??"]
[Round "?"]
[White "Bruzon, Lazaro"]
[Black "Barrio, D."]
[Result "1/2-1/2"]
[WhiteElo "2345"]
[BlackElo "2355"]

1.c4 Nf6 2.Nc3 g6 3.g3 Bg7 4.Bg2 O-O 5.d3 d6 6.Rb1 e5 7.Nf3 Re8 8.O-O e4
9.Ne1 exd3 10.Nxd3 c6 11.Re1 a5 12.b3 Na6 13.Bb2 Bf5 14.e4 Bg4 15.Qd2 Qc7
16.h3 Be6 17.Rbc1 Nd7 18.Nd1 Qd8 19.Bxg7 Kxg7 20.Ne3 Ndc5 21.f4 f6 22.Nf2 Bf7
23.Rcd1 Qb6 24.Qb2 Qc7 25.Neg4 Nd7 26.Kh2 Nac5 27.Qd2 a4 28.b4 Na6 29.Qc3 h5
30.Nxf6 Nxf6 31.e5 dxe5 32.fxe5 Qe7 33.a3 Rad8 34.exf6+ Qxf6 35.Qxf6+ Kxf6
36.c5 Rxe1 37.Rxe1 Bd5 38.Bxd5 Rxd5 39.Ne4+ Kg7 40.Nd6 Rd2+ 41.Kh1 Rd3 42.Ra1 Rxg3
43.Kh2 Rb3 44.Nxb7 Nc7 45.Nd8 Nb5 46.Nxc6 Kf6 47.Rf1+ Ke6 48.Rf8 g5 49.Rb8 Rb2+
50.Kg1 Nxa3 51.Nd4+ Ke5 52.c6 Rb1+ 53.Kg2 Rc1 54.Nf3+ Kd6 55.Nxg5 Rc2+ 56.Kg3 Kxc6
57.Nf3 Rb2 58.Rc8+ Kb7 59.Rc5 Rxb4 60.Rxh5 Nb5 61.Rh7+ Kb6 62.Rh6+ Kb7 63.Rh7+ Kb6
64.Rh6+ Kb7 65.Rh7+ Kc6  1/2-1/2

[Event "Adelquis Remon"]
[Site "Adelquis Remon"]
[Date "1997.??.??"]
[Round "?"]
[White "Bruzon, Lazaro"]
[Black "Blanco, Cesar Augusto"]
[Result "1/2-1/2"]
[WhiteElo "2345"]
[BlackElo "2335"]

1.e4 c5 2.Nf3 Nc6 3.Bb5 Nd4 4.Nxd4 cxd4 5.O-O g6 6.d3 Bg7 7.Nd2 e6 8.Nc4 Qc7
9.Bd2 a6 10.Ba5 Qb8 11.Bb4 Bf8 12.Bxf8 Kxf8 13.Nb6 axb5 14.Nxa8 Qxa8 15.Qd2 Qa4
16.b3 Qa3 17.c3 d6 18.cxd4 Bd7 19.Rac1 Kg7 20.Rc7 Bc6 21.f4 Nf6 22.f5 Qa7
23.fxe6 Qxd4+ 24.Qf2 Qxf2+ 25.Rxf2 Rf8 26.h4 h6 27.g4 g5 28.hxg5 hxg5 29.Rf5 Kg6
30.Rxf7 Rxf7 31.exf7 Kxf7 32.Rxg5 Bd7  1/2-1/2

[Event "Adelquis Remon"]
[Site "Adelquis Remon"]
[Date "1997.??.??"]
[Round "?"]
[White "Bruzon, Lazaro"]
[Black "Gomez, F."]
[Result "1/2-1/2"]
[WhiteElo "2345"]
[BlackElo "2335"]

1.e4 e5 2.Nf3 Nc6 3.Bb5 f5 4.Bxc6 dxc6 5.Nc3 fxe4 6.Nxe4 Nf6 7.Qe2 Bg4 8.d3 Nxe4
9.Qxe4 Bxf3 10.gxf3 Bd6 11.Be3 O-O 12.Rg1 Qf6 13.Rg3 Qe6 14.Ke2 Rf7 15.c4 Re8
16.Rag1 Bf8 17.Rg5 b6 18.h4 Qd6 19.Rh5 g6 20.Rhg5 Re6 21.Kd1 Bh6 22.R5g4 Bg7
23.h5 gxh5 24.Rh4 Rg6 25.Rgh1 Qf6 26.Rxh5 h6 27.Ke2 Qe6 28.R5h3 Qd6  1/2-1/2

[Event "Adelquis Remon"]
[Site "Adelquis Remon"]
[Date "1997.??.??"]
[Round "?"]
[White "Bruzon, Lazaro"]
[Black "Pupo, Emilio"]
[Result "1-0"]
[WhiteElo "2345"]
[BlackElo "2400"]

1.e4 c5 2.Nf3 d6 3.d4 cxd4 4.Nxd4 Nf6 5.Nc3 Nc6 6.Bg5 Qb6 7.Nb3 e6 8.Bxf6 gxf6
9.Qh5 a6 10.Be2 Nd4 11.Bd3 Bd7 12.O-O Rc8 13.Kh1 Nxb3 14.axb3 Qc5 15.Qh3 h5
16.f4 Bh6 17.Rae1 Rg8 18.e5 Bc6 19.Ne4 Bxe4 20.Rxe4 d5 21.Re2 fxe5 22.f5 Ke7
23.fxe6 f6 24.Qxh5  1-0

[Event "Adelquis Remon"]
[Site "Adelquis Remon"]
[Date "1997.??.??"]
[Round "?"]
[White "Bruzon, Lazaro"]
[Black "Ramirez, Carlos"]
[Result "0-1"]
[WhiteElo "2345"]
[BlackElo "2320"]

1.e4 e6 2.d4 d5 3.Nc3 Bb4 4.e5 Ne7 5.a3 Bxc3+ 6.bxc3 c5 7.Nf3 Bd7 8.Bd3 c4
9.Be2 Qa5 10.O-O Nbc6 11.a4 f6 12.Qd2 Ng6 13.Ba3 O-O-O 14.Bd6 Nce7 15.Bb4 Qc7
16.a5 Bc6 17.Bc5 Kb8 18.Rfe1 Nc8 19.Qe3 Rde8 20.Bd1 h6 21.Nd2 h5 22.Nf3 Ka8
23.Be2 Qf7 24.Bf1 Nce7 25.Qd2 Nf5 26.Re2 Ngh4 27.Nxh4 Nxh4 28.Rae1 Ng6 29.Bd6 f5
30.f4 h4 31.Rf2 Qd7 32.Bb4 Rh7 33.Rf3 Nh8 34.Kh1 Nf7 35.Rh3 Reh8 36.Qe3 Qd8
37.Be2 g5 38.Qd2 Rg7 39.Bd1 Rhg8 40.Rg1 Rh8 41.Rf1 Be8 42.Qc1 gxf4 43.Qxf4 Rgh7
44.Re3 Ng5 45.Rfe1 Bh5 46.Bxh5 Rxh5 47.h3 R5h7 48.Kh2 Ne4 49.R1e2 Rg8 50.Rf3 Rg6
51.Qc1 Rhg7 52.Qe1 Qg8 53.Qg1 a6 54.Rf4 Qd8 55.Rf3 Kb8 56.Qe1 Qg8 57.Qg1 Kc8
58.Rf4 Qh8 59.Rf3 Qh5 60.Qe3 Qh8 61.Rf4 Qg8 62.Qg1 Qh7 63.Qe3 Rg8 64.Qc1 Qg7
65.Qg1 Rg3 66.Rxh4 f4  0-1

[Event "Wch U16"]
[Site "Oropesa del Mar"]
[Date "1998.10.25"]
[Round "1"]
[White "Templier, Nicolas"]
[Black "Bruzon, Lazaro"]
[Result "0-1"]
[WhiteElo "2145"]
[BlackElo "2470"]

1.d4 Nf6 2.c4 e6 3.Nc3 d5 4.Bg5 Be7 5.Nf3 O-O 6.e3 h6 7.Bh4 b6 8.Be2 Bb7
9.Bxf6 Bxf6 10.cxd5 exd5 11.b4 c6 12.O-O a5 13.a3 Re8 14.Qb3 Nd7 15.Rfe1 Nf8
16.Rad1 Ne6 17.Rb1 axb4 18.Qxb4 b5 19.a4 Be7 20.Qb3 b4 21.Na2 c5 22.dxc5 d4
23.exd4 Bxf3 24.Bxf3 Nxd4 25.Qd5 Nxf3+ 26.Qxf3 Bxc5 27.Red1 Qe7 28.g3 Rxa4
29.Nc1 Qe4 30.Qxe4 Rxe4 31.Nd3 Be7 32.Rb3 Ra3 33.Rdb1 f5 34.Kf1 Kf7 35.Nf4 g5
36.Nd3 Bd6 37.Nc1 Rc4 38.Nd3 Re4 39.Ne1 Ke6 40.Nc2 Rxb3 41.Rxb3 Bc5 42.f3 Rc4
43.Ne1 Kd5 44.Ke2 Rc1 45.Kd2 Kc4 46.Kxc1 Kxb3 47.Nd3 Bd6 48.Kd2 Kc4 49.Nb2+ Kd4
50.Nd3 b3 51.Nb2 Bb4+ 52.Ke2 Kc3  0-1

[Event "Wch U16"]
[Site "Oropesa del Mar"]
[Date "1998.10.26"]
[Round "2"]
[White "Bruzon, Lazaro"]
[Black "Kekenj, Aleksandar"]
[Result "1-0"]
[WhiteElo "2470"]
[BlackElo "2215"]

1.e4 e6 2.d4 d5 3.Nd2 c5 4.Ngf3 Nc6 5.exd5 exd5 6.Bb5 Bd6 7.dxc5 Bxc5 8.Nb3 Bd6
9.O-O Ne7 10.Bg5 O-O 11.Re1 Bg4 12.h3 Bh5 13.Bxc6 bxc6 14.Nbd4 Qc7 15.c4 h6
16.Bd2 Rab8 17.Rc1 Rxb2 18.c5 Bh2+ 19.Kh1 Rxd2 20.Qxd2 Bxf3 21.Nxf3 Bf4 22.Rxe7 Bxd2
23.Rxc7 Bxc1 24.Nd4 Rb8 25.g3 Rb1 26.Kg2 Ba3 27.Rxc6 Rc1 28.Nb3 Rc2 29.Kf3 a5
30.Rc8+ Kh7 31.c6 Bc5 32.Nxc5 Rxc5 33.Kf4 Rc2 34.Ke5 d4 35.Kxd4 Kg6 36.Kd5 Kf6
37.a4 Rxf2 38.Kd6 Rd2+ 39.Kc7 Ke7 40.Ra8  1-0

[Event "Wch U16"]
[Site "Oropesa del Mar"]
[Date "1998.10.27"]
[Round "3"]
[White "Ni Hua"]
[Black "Bruzon, Lazaro"]
[Result "0-1"]
[WhiteElo "2285"]
[BlackElo "2470"]

1.e4 c5 2.Nf3 d6 3.d4 cxd4 4.Nxd4 Nf6 5.Nc3 a6 6.Be3 Ng4 7.Bg5 h6 8.Bh4 g5
9.Bg3 Bg7 10.Be2 h5 11.Bxg4 Bxg4 12.f3 Bd7 13.Bf2 Nc6 14.O-O e6 15.Nce2 Ne5
16.c3 b5 17.b3 Bf6 18.Qd2 Be7 19.Rad1 Qc7 20.h4 gxh4 21.Nf4 Rc8 22.Nf5 exf5
23.Nd5 Qc6 24.exf5 Rg8 25.Qe3 Bxf5 26.f4 Be6 27.Qe4 f5  0-1

[Event "Wch U16"]
[Site "Oropesa del Mar"]
[Date "1998.10.29"]
[Round "4"]
[White "Bruzon, Lazaro"]
[Black "Tran Ngoc Thach"]
[Result "0-1"]
[WhiteElo "2470"]
[BlackElo "2275"]

1.e4 c5 2.Nf3 d6 3.d4 cxd4 4.Nxd4 Nf6 5.Nc3 g6 6.Be3 Bg7 7.f3 O-O 8.Qd2 Nc6
9.O-O-O d5 10.Nxc6 bxc6 11.Bh6 Qc7 12.Bxg7 Kxg7 13.h4 h5 14.exd5 cxd5 15.Nxd5 Nxd5
16.Qxd5 Be6 17.Qd4+ Kg8 18.Bd3 Rfd8 19.Qe3 Bxa2 20.g4 Rd5 21.Be4 Rc8 22.Rxd5 Bxd5
23.c3 Qe5  0-1

[Event "Wch U16"]
[Site "Oropesa del Mar"]
[Date "1998.10.30"]
[Round "5"]
[White "Mastrovasilis, Dimitrios"]
[Black "Bruzon, Lazaro"]
[Result "1/2-1/2"]
[WhiteElo "2280"]
[BlackElo "2470"]

1.e4 c5 2.Nf3 d6 3.d4 cxd4 4.Nxd4 Nf6 5.f3 e5 6.Nb3 Be7 7.c4 O-O 8.Nc3 a5
9.Be3 a4 10.Nd2 Qa5 11.Rb1 Bd7 12.Bd3 Na6 13.a3 Bd8 14.Bc2 Nc5 15.O-O h6
16.Kh1 Bb6 17.Re1 Rfd8 18.Nf1 Bc6 19.Nd5 Nxd5 20.exd5 Bd7 21.Bd2 Qa6 22.Ne3 Re8
23.Qe2 Ba5 24.Bxa5 Qxa5 25.Bf5 Qd8 26.Bxd7 Qxd7 27.Qc2 Rac8 28.Rbd1 Qe7 29.Nf5 Qf6
30.Ng3 Qg6 31.Qxg6 fxg6 32.Ne4 Nxe4 33.Rxe4 g5 34.h3 Rc5 35.Rb1  1/2-1/2

[Event "Wch U16"]
[Site "Oropesa del Mar"]
[Date "1998.10.31"]
[Round "6"]
[White "Bruzon, Lazaro"]
[Black "Neiksans, Arthur"]
[Result "0-1"]
[WhiteElo "2470"]
[BlackElo "2230"]

1.e4 e5 2.Nf3 Nf6 3.Nxe5 d6 4.Nf3 Nxe4 5.d4 d5 6.Bd3 Nc6 7.O-O Bg4 8.Re1 Be7
9.c3 Nf6 10.h3 Bh5 11.g4 Bg6 12.Bb5 O-O 13.Bxc6 bxc6 14.Ne5 Bd6 15.Nxc6 Qd7
16.Ne5 Bxe5 17.dxe5 Ne4 18.f3 Nc5 19.Re3 f6 20.b4 Ne6 21.exf6 Rxf6 22.Re5 c6
23.g5 Rf5 24.Rxf5 Bxf5 25.h4 Re8 26.Kg2 Qd6 27.Qd2 Qe5 28.Na3 Nf4+ 29.Kf1 Nd3
30.Kg2 Ne1+  0-1

[Event "Wch U16"]
[Site "Oropesa del Mar"]
[Date "1998.11.02"]
[Round "7"]
[White "Szabo, Gergely"]
[Black "Bruzon, Lazaro"]
[Result "0-1"]
[WhiteElo "2225"]
[BlackElo "2470"]

1.e4 c5 2.c3 d5 3.exd5 Qxd5 4.d4 Nf6 5.Nf3 Bg4 6.Be2 e6 7.h3 Bh5 8.O-O Nc6
9.Be3 cxd4 10.cxd4 Be7 11.Nc3 Qd6 12.Qb3 O-O 13.Rfd1 Rfd8 14.a3 a6 15.Rac1 b5
16.g4 Bg6 17.g5 Nd5 18.Nxd5 exd5 19.Qc3 Rac8 20.Ne5 Nxe5 21.Qxc8 Nc4 22.Qg4 Nxb2
23.Rd2 Nc4 24.Bxc4 dxc4 25.Ra2 Qd5 26.h4 a5 27.h5 Bf5 28.Qg3 c3 29.Qe5 Qxe5
30.dxe5 Rc8 31.Kf1 Rf8 32.f4 b4 33.axb4 axb4 34.Rf2 b3 35.Bd4  0-1

[Event "Wch U16"]
[Site "Oropesa del Mar"]
[Date "1998.11.04"]
[Round "9"]
[White "Rahimbekov, S."]
[Black "Bruzon, Lazaro"]
[Result "1/2-1/2"]
[WhiteElo "2305"]
[BlackElo "2470"]

1.c4 g6 2.Nc3 c5 3.g3 Bg7 4.Bg2 Nc6 5.Nf3 e6 6.e4 Nge7 7.O-O O-O 8.d3 b6
9.Bf4 d6 10.Qd2 a6 11.Rab1 Bb7 12.a3 e5 13.Bh6 a5 14.Nd5 Ba6 15.Bg5 f6 16.Be3 Kh8
17.Nc3 Qd7 18.Ne1 Nd4 19.b4 Rab8 20.Nc2 f5 21.Bxd4 exd4 22.Ne2 axb4 23.axb4 b5
24.bxc5 bxc4 25.cxd6 c3 26.Qf4 Rxb1 27.Rxb1 Bxd3 28.dxe7 Qxe7 29.Nexd4 Bxd4  1/2-1/2

[Event "Wch U16"]
[Site "Oropesa del Mar"]
[Date "1998.11.07"]
[Round "11"]
[White "Khamrakulov, Ibragim S"]
[Black "Bruzon, Lazaro"]
[Result "0-1"]
[WhiteElo "2315"]
[BlackElo "2470"]

1.e4 c5 2.c3 d5 3.exd5 Qxd5 4.d4 Nf6 5.Na3 cxd4 6.Nb5 Na6 7.Qxd4 Qxd4 8.Nxd4 e5
9.Bxa6 bxa6 10.Nb3 Be6 11.Nf3 Nd7 12.Be3 f6 13.Nfd2 Be7 14.Ne4 Bxb3 15.axb3 f5
16.Ng5 f4 17.Ne6 Kf7 18.Nc7 Rac8 19.Nd5 fxe3 20.Rxa6 exf2+ 21.Kxf2 Bc5+ 22.Ke2 Rhf8
23.Rf1+ Kg8 24.b4 Rxf1 25.Kxf1 Rf8+ 26.Ke1 Bf2+ 27.Ke2 Bg1 28.Ne7+ Kf7 29.Nf5 g6
30.Nd6+ Ke7 31.Ne4 Rf4 32.Ng5 Rf2+ 33.Ke1 Rxg2 34.Re6+ Kd8 35.Nf7+ Kc7 36.b5 Rxb2
37.Rc6+ Kb8  0-1

[Event "Capablanca mem Masters I"]
[Site "Havana"]
[Date "1998.??.??"]
[Round "1"]
[White "Bruzon, Lazaro"]
[Black "Clavijo, Jorge Mario"]
[Result "1-0"]
[WhiteElo "2325"]
[BlackElo "2365"]

1.e4 c5 2.Nf3 d6 3.d4 cxd4 4.Nxd4 Nf6 5.Nc3 g6 6.Be3 Bg7 7.f3 Nc6 8.Qd2 O-O
9.O-O-O Nxd4 10.Bxd4 Be6 11.Kb1 Qc7 12.h4 Rfc8 13.h5 Nxh5 14.Bxg7 Kxg7 15.g4 Nf6
16.Qh6+ Kg8 17.e5 dxe5 18.g5 Qa5 19.gxf6 exf6 20.a3 Rxc3 21.Qxh7+ Kf8 22.Qh8+ Ke7
23.Qxa8 Qb6 24.Rh8 f5 25.Rb8 Rc7 26.Re8+ Kf6 27.Qd8+ Kg7 28.Qh4  1-0

[Event "Capablanca mem Masters I"]
[Site "Havana"]
[Date "1998.??.??"]
[Round "3"]
[White "Bruzon, Lazaro"]
[Black "Cabrera, Alexis"]
[Result "0-1"]
[WhiteElo "2325"]
[BlackElo "2415"]

1.e4 c5 2.Nf3 d6 3.d4 Nf6 4.Nc3 cxd4 5.Nxd4 g6 6.Be3 Bg7 7.f3 Nc6 8.Qd2 Bd7
9.g4 h5 10.g5 Nh7 11.h4 Rc8 12.O-O-O Ne5 13.Kb1 O-O 14.f4 Ng4 15.Bg1 e5 16.Nde2 Rc6
17.f5 gxf5 18.Ng3 fxe4 19.Ncxe4 f5 20.gxf6 Nhxf6 21.Nxd6 Be6 22.Bg2 Ra6 23.a3 Qc7
24.Nxb7 e4 25.Nc5 Qxg3 26.Nxa6 e3 27.Qe2 Qe5 28.Qe1 Nd5 29.c3 Qf5+ 30.Ka1 Nxc3
31.Nc7 Nxd1 32.Nxe6 Bxb2+ 33.Ka2 Qxe6+ 34.Kb1 Qb3  0-1

[Event "Capablanca mem Masters I"]
[Site "Havana"]
[Date "1998.??.??"]
[Round "4"]
[White "Tsuboi, Edson Kenji"]
[Black "Bruzon, Lazaro"]
[Result "1/2-1/2"]
[WhiteElo "2345"]
[BlackElo "2325"]

1.e4 c5 2.Nf3 d6 3.d4 cxd4 4.Nxd4 Nf6 5.Nc3 a6 6.Be2 e5 7.Nb3 Be7 8.O-O O-O
9.Be3 Nbd7 10.Qd2 b6 11.a4 Qc7 12.f3 Nc5 13.Nxc5 dxc5 14.Bc4 Be6 15.Qe2 Qb7
16.Rfd1 h6 17.Rd2 Bxc4 18.Qxc4 b5 19.Qf1 c4 20.axb5 axb5 21.Rxa8 Rxa8 22.Nd5 Nxd5
23.exd5 Bd6 24.g3 Ra5 25.Kg2 Qa6 26.c3 h5 27.f4 Ra1 28.Qe2 exf4 29.Bxf4 Bxf4
30.Qe8+ Kh7 31.Qe4+ Kg8 32.Qxf4 Qb7 33.Qe5 g6 34.Qf6 Ra6 35.Qe5 Re6 36.Qf4 Re8
37.Qf3 Re1 38.Rd1 Re5 39.Rd2 Re1 40.Rd1 Re5 41.Rd2  1/2-1/2

[Event "Capablanca mem Masters I"]
[Site "Havana"]
[Date "1998.??.??"]
[Round "5"]
[White "Bruzon, Lazaro"]
[Black "Pupo, Emilio"]
[Result "1-0"]
[WhiteElo "2325"]
[BlackElo "2405"]

1.e4 c5 2.Nf3 d6 3.d4 cxd4 4.Nxd4 Nf6 5.Nc3 Nc6 6.Bc4 Qb6 7.Nb3 e6 8.Bf4 Ne5
9.Be2 Bd7 10.Be3 Qc7 11.f4 Nc4 12.Bxc4 Qxc4 13.Qd3 Qxd3 14.cxd3 Be7 15.a4 O-O
16.h3 h5 17.Nd2 h4 18.O-O Nh5 19.Rac1 Rfc8 20.Kf2 g6 21.Nc4 Ng3 22.Rfe1 Bxa4
23.Nxa4 b5 24.Nab6 axb6 25.Nxb6 Rxc1 26.Rxc1 Ra2 27.Bd4 f6 28.Rc7 e5 29.Nd5 Bd8
30.Ra7 Rxa7 31.Bxa7 exf4 32.Nxf4 Kf7 33.Kf3 f5 34.Bf2 fxe4+ 35.dxe4 Nh5 36.Nd5 Ke6
37.b4 g5 38.Nc3 Nf4 39.Nxb5 Nd3 40.Nd4+ Kd7 41.Be3 Nxb4 42.Kg4 Nd3 43.Nf3 Ke6
44.Bxg5 Ne5+ 45.Nxe5 Bxg5 46.Nf3 Bf6 47.Nxh4  1-0

[Event "Capablanca mem Masters I"]
[Site "Havana"]
[Date "1998.??.??"]
[Round "6"]
[White "Gomez, Felix"]
[Black "Bruzon, Lazaro"]
[Result "0-1"]
[WhiteElo "2335"]
[BlackElo "2325"]

1.d4 d5 2.Nf3 Nf6 3.c4 e6 4.Nc3 Be7 5.Bg5 O-O 6.e3 h6 7.Bh4 Nbd7 8.Bd3 dxc4
9.Bxc4 a6 10.a4 c5 11.O-O cxd4 12.exd4 Nb6 13.Bb3 Bd7 14.Ne5 Bc6 15.Nxc6 bxc6
16.Rc1 Nbd5 17.Bg3 Qb6 18.Be5 Nd7 19.Bg3 Ra7 20.Ne4 f5 21.a5 Qxa5 22.Bxd5 exd5
23.Nd6 f4 24.Bxf4 Qb4 25.Qe2 Rxf4 26.Qxe7 Kh7 27.Rxc6 Qxd4 28.Rc8 Qe5 29.Re8 Qf6
30.Qe3 d4 31.Qd3+ g6 32.Rfe1 Nf8 33.Ne4 Qb6 34.Qg3 Raf7 35.Qh3 Kg7 36.Qa3 Qc6
37.Nd6 Rxf2 38.Nxf7 Qxg2+  0-1

[Event "Capablanca mem Masters I"]
[Site "Havana"]
[Date "1998.??.??"]
[Round "8"]
[White "Teran Alvarez, Ismael"]
[Black "Bruzon, Lazaro"]
[Result "1-0"]
[WhiteElo "2375"]
[BlackElo "2325"]

1.e4 c5 2.g3 Nc6 3.Bg2 g6 4.Ne2 Bg7 5.c3 e5 6.d3 Nge7 7.O-O O-O 8.Be3 b6
9.f4 d5 10.fxe5 d4 11.cxd4 cxd4 12.Bf2 Nxe5 13.Bxd4 Ba6 14.Nbc3 Bxd3 15.Nd5 Nxd5
16.exd5 Bc4 17.Bc3 Re8 18.Rf4 Rc8 19.Nd4 Nd3 20.Nc6 Qg5 21.h4 Qxg3 22.Rxc4 Bxc3
23.Qf3 Re1+ 24.Rxe1 Qxe1+ 25.Bf1 Re8 26.Rxc3 Re3 27.Rxd3 Rxf3 28.Rxf3 Qxh4
29.d6 Qg5+ 30.Kh1 Qh5+ 31.Kg2 Kg7 32.Rd3 Qg4+ 33.Kf2 Qh4+ 34.Ke2 Qh2+ 35.Kd1 Qg1
36.Ke1 Qg5 37.d7 Qc1+ 38.Kf2 Qf4+ 39.Ke1 Qc1+ 40.Kf2 Qf4+ 41.Kg1 Qg5+ 42.Bg2 Qc1+
43.Kf2 Qc2+ 44.Ke3 Qc1+ 45.Rd2 Qc5+ 46.Ke2 Qc4+ 47.Kd1 Qg4+ 48.Kc1  1-0

[Event "Capablanca mem Masters I"]
[Site "Havana"]
[Date "1998.??.??"]
[Round "9"]
[White "Bruzon, Lazaro"]
[Black "Sieiro Gonzalez, Luis"]
[Result "1/2-1/2"]
[WhiteElo "2325"]
[BlackElo "2390"]

1.e4 e6 2.d4 d5 3.Nc3 Nf6 4.Bg5 dxe4 5.Nxe4 Nbd7 6.Nf3 Be7 7.Nxf6+ Bxf6 8.Qd2 Bxg5
9.Nxg5 Nf6 10.Be2 O-O 11.O-O-O b6 12.Bf3 Rb8 13.Kb1 Bb7 14.Rhe1 Qd6  1/2-1/2

[Event "Capablanca mem Masters I"]
[Site "Havana"]
[Date "1998.??.??"]
[Round "10"]
[White "Bruzon, Lazaro"]
[Black "Baron Rodriguez, Jesus"]
[Result "1/2-1/2"]
[WhiteElo "2325"]
[BlackElo "2350"]

1.e4 e5 2.Nf3 Nc6 3.Bb5 Nge7 4.Nc3 g6 5.d4 exd4 6.Nd5 Bg7 7.Bg5 h6 8.Bf6 Bxf6
9.Nxf6+ Kf8 10.Nxd4 Nf5 11.Nh7+ Rxh7 12.exf5 Qf6 13.Bxc6 dxc6 14.fxg6 fxg6
15.O-O Rd7 16.Qf3 Qxf3 17.Nxf3 Rd6 18.Ne5 Bf5 19.Nc4 Rd4 20.Ne3 Rd2 21.Rfd1 Rad8
22.Rxd2 Rxd2 23.Kf1 Be6 24.Ke1 Rd4 25.Rd1 c5 26.Ke2 Ke7 27.Rd3 b6 28.Kd2 Kf6
29.b3 Ke5 30.c3 Rh4 31.h3 Rf4 32.f3 c4 33.bxc4 Bxc4 34.Rd7 Be6 35.Rxc7 Ra4
36.Kc1 Kf4 37.Nc2 Rxa2 38.Rg7 Bf5 39.Nd4 Bd3 40.g4 a5 41.Rf7+ Kg3 42.f4 a4
43.f5 gxf5 44.Nxf5+ Kxh3 45.Nxh6 Kh4 46.Nf5+ Kxg4 47.Ne3+ Kg5 48.Nd5 Bc4
49.Rg7+ Kh6 50.Nxb6 Bb3 51.Ra7 a3 52.Kb1 Rb2+ 53.Ka1 Ra2+ 54.Kb1 Rb2+ 55.Ka1 Bg8
56.Ra6 Kg7 57.Ra7+ Kh6 58.Ra6 Kg7  1/2-1/2

[Event "Capablanca mem Masters I"]
[Site "Havana"]
[Date "1998.??.??"]
[Round "12"]
[White "Bruzon, Lazaro"]
[Black "Lipnowski, Irvin"]
[Result "1-0"]
[WhiteElo "2325"]
[BlackElo "2335"]

1.e4 g6 2.d4 Bg7 3.Nc3 d6 4.Be3 Nc6 5.Qd2 Nf6 6.f3 e5 7.d5 Ne7 8.O-O-O O-O
9.g4 Ne8 10.Kb1 f5 11.gxf5 gxf5 12.Bh3 Kh8 13.exf5 Nxf5 14.Bxf5 Bxf5 15.Nge2 Nf6
16.Ng3 Bg6 17.Rhg1 Qd7 18.Rg2 Nh5 19.Rdg1 Nf4 20.Bxf4 Rxf4 21.a3 Raf8 22.Nce4 Rxf3
23.Ng5 Bh6 24.h4 R3f4 25.h5 Be8 26.Ne6 Rg8 27.Nxf4 Bxf4 28.Nf5 Rf8 29.Nh6 Bf7
30.Nxf7+ Qxf7 31.Qe2 Bh6 32.c4 Qf5+ 33.Ka2 e4 34.Qc2 Qe5 35.Rg4 e3 36.Qg2 Qe8
37.Re4 Qf7 38.Qg4 b5 39.Re6 Bf4 40.cxb5 Be5 41.Qe4 Qxh5 42.Qxe3 Qh2 43.Rb1 Qh5
44.Re7 Bf6 45.Rxc7 Qxd5+ 46.Qb3 Qd4 47.Rh1  1-0

[Event "Capablanca mem Masters I"]
[Site "Havana"]
[Date "1998.??.??"]
[Round "13"]
[White "Hernandez, Gustavo"]
[Black "Bruzon, Lazaro"]
[Result "1/2-1/2"]
[WhiteElo "2335"]
[BlackElo "2325"]

1.Nf3 c5 2.c4 Nc6 3.d4 cxd4 4.Nxd4 Nf6 5.Nc3 e6 6.Ndb5 d5 7.Bf4 e5 8.cxd5 exf4
9.dxc6 bxc6 10.Qxd8+ Kxd8 11.Rd1+ Bd7 12.Nd4 Kc7 13.g3 Rb8 14.Rd2 Bb4 15.Bg2 c5
16.Nb3 a5 17.Rc2 a4 18.Nd2 Bxc3 19.Rxc3 Rxb2 20.Rxc5+ Kd8 21.gxf4 Re8 22.e3 Rxa2
23.Ke2 Ne4 24.Bxe4 Rxe4 25.Rb1 Re6 26.Rb4 Rd6 27.Rd4 Rxd4 28.exd4 a3 29.Ra5 Ra1
30.Nc4 a2 31.Ne3 Bb5+ 32.Kd2 Bc4 33.Kc3 Rc1+ 34.Nc2 Kc7 35.Kxc4 Rxc2+ 36.Kb3 Rxf2
37.Rxa2 Rxf4 38.Kc4 g5 39.Kc5 Rf1 40.Ra7+ Kb8 41.Re7 Kc8 42.d5 g4 43.Kc6 Kd8
44.Ra7 h5 45.Ra8+ Ke7 46.d6+ Ke6 47.Re8+ Kf5 48.d7 Rc1+ 49.Kb5 Rd1 50.d8=Q Rxd8
51.Rxd8 Ke4 52.Rh8 f5 53.Rxh5 f4 54.Rg5 Kf3 55.Kc6 g3  1/2-1/2

[Event "Guillermo Garcia mem-B"]
[Site "Santa Clara"]
[Date "1999.05.02"]
[Round "8"]
[White "Bruzon, Lazaro"]
[Black "Hernandez, Roman"]
[Result "1-0"]
[WhiteElo "2488"]
[BlackElo "2419"]

1.e4 e5 2.Nf3 Nc6 3.Bb5 a6 4.Ba4 Nf6 5.O-O Be7 6.Re1 b5 7.Bb3 d6 8.c3 O-O
9.d4 Bg4 10.Be3 exd4 11.cxd4 Na5 12.Bc2 Nc4 13.Bc1 c5 14.b3 Na5 15.d5 Nd7
16.Nbd2 Bf6 17.Rb1 Ne5 18.h3 Nxf3+ 19.Nxf3 Bxf3 20.Qxf3 g6 21.Bd2 b4 22.Qg4 Bd4
23.Bg5 Qb6 24.Rbd1 c4 25.Qh4 Bg7 26.Be7 cxb3 27.axb3 Rfc8 28.Re2 Nb7 29.Kh1 Rc3
30.Rdd2 Nc5 31.e5 Bxe5 32.Rxe5 dxe5 33.d6 Qb5 34.Be4 Rc8 35.Bd5 Qf1+ 36.Kh2 Rc1
37.Qf6 Qg1+ 38.Kg3 Rc3+ 39.Kg4 h5+ 40.Kg5  1-0

[Event "Guillermo Garcia mem-B"]
[Site "Santa Clara"]
[Date "1999.05.04"]
[Round "10"]
[White "Bruzon, Lazaro"]
[Black "Asanov, Bolat"]
[Result "1-0"]
[WhiteElo "2488"]
[BlackElo "2500"]

1.e4 g6 2.d4 Bg7 3.Nc3 d6 4.Be3 a6 5.Qd2 Nd7 6.O-O-O b5 7.h4 h5 8.Nf3 Ngf6
9.e5 Ng4 10.e6 fxe6 11.Bd3 Nf8 12.Rhe1 Bb7 13.Ne2 Qd7 14.Nf4 e5 15.dxe5 O-O-O
16.e6 Qe8 17.Qa5 Bh6 18.Ng5 Ne5 19.Bf1 Nh7 20.Nd5 Bxd5 21.Rxd5 Qc6 22.Rxb5 Bxg5
23.Rb4  1-0

[Event "Capablanca mem Elite"]
[Site "Havana"]
[Date "1999.05.07"]
[Round "1"]
[White "De la Paz, Frank"]
[Black "Bruzon, Lazaro"]
[Result "1/2-1/2"]
[WhiteElo "2495"]
[BlackElo "2488"]

1.e4 c5 2.Nf3 d6 3.d4 cxd4 4.Nxd4 Nf6 5.Nc3 a6 6.Be3 Ng4 7.Bg5 h6 8.Bh4 g5
9.Bg3 Bg7 10.Be2 h5 11.Bxg4 Bxg4 12.f3 Bd7 13.Bf2 Nc6 14.O-O b5 15.Nd5 Rb8
16.Qd2 e6 17.Nxc6 Bxc6 18.Nb4 Bb7 19.Bd4 f6 20.Qe3 Qd7 21.Bb6 Ra8 22.Ba5 O-O
23.Rad1 f5 24.Nd3 Qc6 25.exf5 Rxf5 26.Qxe6+ Rf7 27.Bc3 Bxc3 28.bxc3 Re8 29.Qg6+ Rg7
30.Qxh5 g4 31.Nb4 Qb6+ 32.Rd4 Re5 33.Qh6 gxf3 34.g3 f2+ 35.Rxf2 Re1+ 36.Rf1 Re2
37.Rf5 a5 38.Rg5 Qc7 39.Rxg7+ Qxg7 40.Qxg7+ Kxg7 41.Nd3 Rg2+ 42.Kf1 Rxh2
43.Rxd6 Be4 44.Nf2 Bxc2 45.Rd5 b4 46.cxb4 axb4 47.Rb5 Rh8 48.Rb7+ Kg6 49.Rxb4 Ra8
50.Rb2 Bf5 51.Rb6+ Kg5 52.Rb5 Kg6 53.g4 Bxg4 54.Nxg4 Rxa2 55.Nf2 Rc2 56.Ne4 Ra2
57.Rd5 Rb2 58.Nd2 Ra2 59.Ke2 Ra3 60.Ne4 Rb3 61.Rc5 Rh3 62.Rg5+ Kf7 63.Nf2 Ra3
64.Nd3 Kf6 65.Rb5 Ke6 66.Ke3 Kd6 67.Rb6+ Kd5 68.Rh6 Ra8 69.Rh5+ Kd6 70.Nb2 Rg8
71.Nc4+ Ke6 72.Kf4 Rg1 73.Re5+ Kd7 74.Ke4 Kc6 75.Ne3 Rh1 76.Rg5 Rh4+ 77.Ng4 Rh1
78.Ne5+ Kc5 79.Nd3+ Kc6 80.Rg6+  1/2-1/2